000 01164nam a2200325Ia 4500
001 dia_4201
003 CHAP
005 20230508113146.0
008 220117s2009 xx 000 0 und d
010 _a177005
020 _a978-607-8003-14-3
040 _cCHAP
082 _a634.6 F78 2009
245 _aFrutas del trópico /
_c edición Martha Elena de Coss Flores, Carmen Ruíz Bellos y José Luis Moreno Martínez
260 _aMéxico :
_b Universidad Autónoma de Chiapas, Unidad de Divulgación Científica,
_c2009
300 _a369 p.
440 _aTextos Universitarios para el Fortalecimiento de los Cuerpos Académicos
_9159924
503 _aC.
504 _aIncluye bibliografías
590 _aSB359 F78 2009
650 _aFrutas tropicales y subtropicales
_9156090
650 _aTropical and subtropical fruits
_9156091
700 _aCoss Flores, Martha Elena de, ed.
_9159925
700 _aMoreno Martínez, José Luis, ed.
_9159926
700 _aRuíz Bellos, Carmen, ed.
_9159927
901 _a634.6 F78 2009
902 _aA
905 _a5232272009 mx dmn 8222223322spa16
942 _cLIBRO
_2ddc
999 _c177005
_d177005